00524nam a22001817a 450000500170000000800410001704000070005804100120006508200210007710000320009824500660013026000530019630000260024965000100027565000130028565000100029870000340030820230721120026.0230718b ||||| |||| 00| 0 eng d cAL aEnglish 223a297.72bMUTJ aAyatullah Morteza Mutahhari aJihad : The Holy War in Islam and its Legitimacy in the Quran bIslamic Culture and relations Organizationc1998 a127 p.bPBc16x11 cm. aQuran aReligion aIslam aMUTAHHARI (Ayatullah Morteza)